[Event "Begonia op 49th"]
[Site "Ballarat"]
[Date "2015.03.07"]
[Round "5"]
[White "Tanti, Joseph G"]
[Black "Stojic, Svetozar"]
[Result "1-0"]
[WhiteElo "1951"]
[BlackElo "1995"]
[PlyCount "51"]
[EventDate "2015.03.07"]
[EventType "swiss"]
[EventRounds "7"]
[EventCountry "AUS"]
[SourceTitle "EXT 2019"]
[Source "ChessBase"]
[SourceDate "2018.10.10"]
[SourceVersion "1"]
[SourceVersionDate "2018.10.10"]
[SourceQuality "1"]

1. e4 c5 2. Nf3 d6 3. d4 cxd4 4. Nxd4 Nf6 5. Nc3 g6 6. Be3 Bg7 7. f3 0-0 8. Qd2 Nc6 9. 0-0-0 d5 10. exd5 Nxd5 11. Nxc6 bxc6 12. Nxd5 cxd5 13. Qxd5 Qc7 14. Qc5 Qb7 15. Qa3 Rb8 16. c3 Bf5 17. Ba6 Qc6 18. Bd3 Be6 19. Be4 Qc4 20. Bd4 Bh6+ 21. Kb1 a5 22. b3 Bf4 23. Ka1 Qc7 24. Qc5 Bxh2 25. Qxc7 Bxc7 26. Rxh7 1-0

[Event "Begonia op 48th"]
[Site "Ballarat"]
[Date "2014.03.08"]
[Round "7"]
[White "Dale, Ari"]
[Black "Stojic, Svetozar"]
[Result "1-0"]
[WhiteElo "2121"]
[BlackElo "2055"]
[PlyCount "59"]
[EventDate "2014.03.08"]
[EventType "swiss"]
[EventRounds "7"]
[EventCountry "AUS"]
[SourceTitle "EXT 2023"]
[Source "ChessBase"]
[SourceDate "2022.10.05"]
[SourceVersion "1"]
[SourceVersionDate "2022.10.05"]
[SourceQuality "1"]

1. d4 Nf6 2. c4 g6 3. Nc3 Bg7 4. e4 d6 5. Nf3 0-0 6. Be2 e5 7. Be3 Nc6 8. d5 Ne7 9. Nd2 c6 10. b4 a5 11. a3 axb4 12. axb4 Rxa1 13. Qxa1 Ng4 14. Bxg4 Bxg4 15. 0-0 f5 16. f3 f4 17. Bf2 Bc8 18. Qa7 g5 19. Bb6 Qe8 20. Qb8 Qg6 21. Qc7 Rf7 22. c5 Nxd5 23. Qxc8+ Rf8 24. Nxd5 cxd5 25. Qxb7 g4 26. Qxd5+ Kh8 27. cxd6 h5 28. Bc7 Bf6 29. d7 Qg5 30. Ra1 1-0

[Event "Begonia op 48th"]
[Site "Ballarat"]
[Date "2014.03.08"]
[Round "2"]
[White "Stojic, Svetozar"]
[Black "Solomon, Stephen J"]
[Result "0-1"]
[WhiteElo "2055"]
[BlackElo "2415"]
[PlyCount "46"]
[EventDate "2014.03.08"]
[EventType "swiss"]
[EventRounds "7"]
[EventCountry "AUS"]
[SourceTitle "CBM 159 Extra"]
[Source "ChessBase"]
[SourceDate "2014.04.24"]
[SourceVersion "1"]
[SourceVersionDate "2014.04.24"]
[SourceQuality "1"]

1. e4 c5 2. Nf3 d6 3. d4 cxd4 4. Nxd4 Nf6 5. Nc3 Nc6 6. Bc4 e6 7. Be3 Be7 8. Qe2 0-0 9. 0-0-0 a6 10. Rdg1 Nxe4 11. Nxe4 d5 12. Nxc6 bxc6 13. Bd3 dxe4 14. Bxe4 Qa5 15. Kb1 Rb8 16. Bd4 Rd8 17. Qe3 Rxd4 18. Qxd4 Bf6 19. Qd6 Rxb2+ 20. Kc1 Rb4 21. Qxc6 Rb1+ 22. Kxb1 Qb4+ 23. Kc1 Bg5+ 0-1

[Event "AUS-ch"]
[Site "Melbourne"]
[Date "2014.01.08"]
[Round "8"]
[White "Stojic, Svetozar"]
[Black "Nemeth, John"]
[Result "1/2-1/2"]
[WhiteElo "2029"]
[BlackElo "2115"]
[PlyCount "29"]
[EventDate "2014.01.02"]
[EventType "swiss"]
[EventRounds "11"]
[EventCountry "AUS"]
[SourceTitle "CBM 158 Extra"]
[Source "ChessBase"]
[SourceDate "2014.02.28"]
[SourceVersion "1"]
[SourceVersionDate "2014.02.28"]
[SourceQuality "1"]

1. d4 d5 2. c4 e6 3. Nc3 Nf6 4. Nf3 Be7 5. e3 0-0 6. Bd3 Nbd7 7. 0-0 c5 8. cxd5 exd5 9. dxc5 Nxc5 10. Bc2 Bg4 11. h3 Bh5 12. Nb5 Qb6 13. Nbd4 Rfd8 14. Nf5 Bf8 15. b3 1/2-1/2

[Event "AUS-ch"]
[Site "Melbourne"]
[Date "2014.01.05"]
[Round "6"]
[White "Stojic, Svetozar"]
[Black "Vlietstra, Marc D"]
[Result "1-0"]
[WhiteElo "2029"]
[BlackElo "2035"]
[PlyCount "85"]
[EventDate "2014.01.02"]
[EventType "swiss"]
[EventRounds "11"]
[EventCountry "AUS"]
[SourceTitle "CBM 158 Extra"]
[Source "ChessBase"]
[SourceDate "2014.02.28"]
[SourceVersion "1"]
[SourceVersionDate "2014.02.28"]
[SourceQuality "1"]

1. Nf3 c5 2. g3 Nc6 3. Bg2 d5 4. 0-0 e5 5. d3 f6 6. e4 d4 7. c3 Be6 8. cxd4 cxd4 9. a3 Qd7 10. Nbd2 Bd6 11. b4 Nge7 12. Rb1 h5 13. Nc4 b5 14. Nxd6+ Qxd6 15. Nd2 Nd8 16. f4 Nec6 17. Nf3 Bg4 18. h3 Bxf3 19. Bxf3 h4 20. Bh5+ Kf8 21. g4 Ne6 22. f5 Ng5 23. Kg2 Rc8 24. Rb2 Nb8 25. Qb3 Rc3 26. Qa2 Qc7 27. Bxg5 fxg5 28. f6 g6 29. Bxg6 Rh6 30. Bh5 Rxd3 31. Qe6 Qd7 32. Qxe5 Rxh5 33. Qxb8+ Kf7 34. Rc2 Rc3 35. Rxc3 dxc3 36. gxh5 c2 37. Qe5 c1Q 38. Qe7+ Qxe7 39. fxe7+ Qxf1+ 40. Kxf1 Kxe7 41. e5 Ke6 42. h6 Kf7 43. e6+ 1-0

[Event "Doeberl Cup Premier 51st"]
[Site "Canberra"]
[Date "2013.03.29"]
[Round "3"]
[White "Puccini, Jack"]
[Black "Stojic, Svetozar"]
[Result "1/2-1/2"]
[WhiteElo "1886"]
[BlackElo "1993"]
[PlyCount "96"]
[EventDate "2013.03.28"]
[EventType "swiss"]
[EventRounds "9"]
[EventCountry "AUS"]
[SourceTitle "EXT 2023"]
[Source "ChessBase"]
[SourceDate "2022.10.05"]
[SourceVersion "1"]
[SourceVersionDate "2022.10.05"]
[SourceQuality "1"]

1. e4 c5 2. d4 cxd4 3. c3 d5 4. exd5 Qxd5 5. cxd4 Nc6 6. Nf3 e5 7. Nc3 Qd8 8. Bd3 Nf6 9. 0-0 Be7 10. Be3 0-0 11. a3 a6 12. Rc1 Nd5 13. Bb1 g6 14. Qe2 Nxc3 15. Rxc3 Bf6 16. Rd1 Ne7 17. Ba2 Nd5 18. Rcc1 b5 19. Bxd5 Qxd5 20. Rc5 Qb3 21. Rc7 Rd8 22. Bg5 Bxg5 23. Nxg5 Rf8 24. Rdc1 Qd5 25. Nxf7 Rxf7 26. Rxc8+ Rxc8 27. Rxc8+ Kg7 28. Qxe5+ Qxe5 29. dxe5 Rd7 30. h4 Rd1+ 31. Kh2 Rd2 32. Rc6 Rxf2 33. Re6 Rxb2 34. Rxa6 Re2 35. e6 Kf6 36. Rb6 Ra2 37. e7+ Kxe7 38. Rxb5 Rxa3 39. Rb7+ Kf6 40. Rxh7 Kf5 41. Rb7 Rc3 42. Rb4 Ra3 43. g3 Rf3 44. Kg2 Ra3 45. Rf4+ Ke5 46. Kh3 Rb3 47. Kg4 Ke6 48. Rf3 Rb5 1/2-1/2

[Event "Sydney op"]
[Site "Parramatta"]
[Date "2012.04.11"]
[Round "1"]
[White "Stojic, Svetozar"]
[Black "Zeng, Chongsheng"]
[Result "0-1"]
[WhiteElo "2011"]
[BlackElo "2435"]
[PlyCount "68"]
[EventDate "2012.04.11"]
[EventType "swiss"]
[EventRounds "9"]
[EventCountry "AUS"]
[SourceTitle "CBM 148 Extra"]
[Source "ChessBase"]
[SourceDate "2012.06.22"]
[SourceVersion "1"]
[SourceVersionDate "2012.06.22"]
[SourceQuality "1"]

1. Nf3 Nf6 2. g3 g6 3. Bg2 Bg7 4. 0-0 0-0 5. c4 d5 6. b3 dxc4 7. bxc4 Ne4 8. d4 c5 9. Bb2 Nc6 10. e3 Qb6 11. Qb3 Be6 12. Na3 cxd4 13. Qxb6 axb6 14. Nxd4 Nxd4 15. exd4 Nd6 16. Rfc1 Ra4 17. Nb5 Bxc4 18. Nxd6 exd6 19. Bxb7 d5 20. a3 b5 21. Re1 Ra7 22. Bc6 Rc8 23. Re8+ Rxe8 24. Bxe8 Re7 25. Bc6 Re2 26. Rb1 Ba2 27. Bxb5 Rc2 28. Rc1 Rxb2 29. Rc8+ Bf8 30. a4 Kg7 31. Be8 Bd6 32. a5 Rb8 33. Rc6 Rxe8 34. Rxd6 Ra8 0-1

[Event "Doeberl Cup 50th"]
[Site "Canberra"]
[Date "2012.04.06"]
[Round "3"]
[White "Dragicevic, Domagoj"]
[Black "Stojic, Svetozar"]
[Result "0-1"]
[WhiteElo "2328"]
[BlackElo "2011"]
[PlyCount "114"]
[EventDate "2012.04.05"]
[EventType "swiss"]
[EventRounds "9"]
[EventCountry "AUS"]
[SourceTitle "CBM 147 Extra"]
[Source "ChessBase"]
[SourceDate "2012.04.24"]
[SourceVersion "1"]
[SourceVersionDate "2012.04.24"]
[SourceQuality "1"]

1. e4 c5 2. Nf3 d6 3. d4 cxd4 4. Nxd4 Nf6 5. Nc3 g6 6. Be3 Bg7 7. f3 0-0 8. Qd2 Nc6 9. Bc4 Nd7 10. 0-0-0 Nb6 11. Be2 Ne5 12. b3 a5 13. a4 Bd7 14. g4 Rc8 15. h4 Qc7 16. Ndb5 Bxb5 17. Nxb5 Qc6 18. Na7 Qc7 19. Nxc8 Rxc8 20. Bd4 Nd3+ 21. Qxd3 Bxd4 22. Kb1 Bg7 23. c3 d5 24. Rc1 Bxc3 25. exd5 Qc5 26. Ka2 Qb4 27. Qe4 Qd6 28. Rhd1 Rc5 29. Bc4 Nxc4 30. Rxc3 Rxd5 31. Rxc4 Rxd1 32. Rc2 b6 33. h5 Qd4 34. Qa8+ Kg7 35. h6+ Kxh6 36. Qf8+ Kg5 37. Qxe7+ f6 38. Rb2 Rd2 39. Rxd2 Qxd2+ 40. Kb1 Qd1+ 41. Kb2 Qd2+ 42. Kb1 Qd1+ 43. Kb2 Qxf3 44. Qxh7 Qe2+ 45. Kb1 Qd3+ 46. Kb2 Kxg4 47. Qf7 Qd4+ 48. Kb1 g5 49. Qe6+ f5 50. Qe2+ Kf4 51. Qh2+ Kg4 52. Qg2+ Kh5 53. Qh1+ Kg6 54. Qc6+ Qf6 55. Qe8+ Kh6 56. Kc2 f4 57. Kd2 Qb2+ 0-1

[Event "Doeberl Cup 50th"]
[Site "Canberra"]
[Date "2012.04.06"]
[Round "4"]
[White "Stojic, Svetozar"]
[Black "Bai, Jinshi"]
[Result "0-1"]
[WhiteElo "2011"]
[BlackElo "2231"]
[PlyCount "56"]
[EventDate "2012.04.05"]
[EventType "swiss"]
[EventRounds "9"]
[EventCountry "AUS"]
[SourceTitle "CBM 147 Extra"]
[Source "ChessBase"]
[SourceDate "2012.04.24"]
[SourceVersion "1"]
[SourceVersionDate "2012.04.24"]
[SourceQuality "1"]

1. e4 e5 2. Nf3 Nc6 3. Bb5 f5 4. d3 fxe4 5. dxe4 Nf6 6. Nc3 Bb4 7. Bg5 Bxc3+ 8. bxc3 0-0 9. 0-0 d6 10. h3 Qe8 11. Nh4 Be6 12. Bd3 Nh5 13. Nf5 Nf4 14. Bxf4 exf4 15. Qg4 g6 16. Qg5 Ne5 17. Rfb1 Bxf5 18. exf5 Nxd3 19. fxg6 Ne5 20. gxh7+ Kxh7 21. Rxb7 Nf3+ 22. gxf3 Rg8 23. Rxc7+ Kh8 24. Qg4 Rc8 25. Rxa7 Rxc3 26. Rb1 Rxf3 27. Kg2 Rxf2+ 28. Kg1 Rxg4+ 0-1

[Event "Begonia op 45th"]
[Site "Ballarat"]
[Date "2011.03.12"]
[Round "3"]
[White "Stojic, Svetozar"]
[Black "Wallis, Christopher"]
[Result "0-1"]
[WhiteElo "2013"]
[BlackElo "2331"]
[PlyCount "94"]
[EventDate "2011.03.12"]
[EventType "swiss"]
[EventRounds "7"]
[EventCountry "AUS"]
[SourceTitle "EXT 2013"]
[Source "ChessBase"]
[SourceDate "2012.11.22"]
[SourceVersion "1"]
[SourceVersionDate "2012.11.22"]
[SourceQuality "1"]

1. e4 e5 2. Nf3 Nc6 3. Bb5 a6 4. Ba4 Nf6 5. 0-0 Be7 6. Re1 b5 7. Bb3 0-0 8. d4 d6 9. d5 Na5 10. c3 c6 11. dxc6 Nxb3 12. axb3 Qc7 13. b4 Qxc6 14. Nbd2 Be6 15. Ng5 Bg4 16. f3 Bd7 17. f4 Qb6+ 18. Kh1 Ng4 19. Nh3 exf4 20. Nf3 g5 21. e5 h6 22. e6 fxe6 23. Nfxg5 Nf2+ 24. Nxf2 hxg5 25. Ne4 Rf5 26. Qh5 Kg7 27. Rd1 Bc6 28. Nd2 f3 29. Nxf3 Rh8 30. Qg4 Bxf3 31. gxf3 Bf6 32. f4 Rh4 33. Qg2 g4 34. Rd3 Rfh5 35. Be3 Rxh2+ 36. Qxh2 Qc6+ 37. Kg1 Rxh2 38. Kxh2 Qf3 39. Kg1 Qg3+ 40. Kf1 Qh2 41. Rad1 g3 42. Bg1 Qh3+ 43. Ke2 Qg2+ 44. Ke3 d5 45. b3 Kf7 46. Ra1 e5 47. fxe5 Bg5+ 0-1

[Event "Doeberl Cup 48th"]
[Site "Canberra"]
[Date "2010.04.02"]
[Round "3"]
[White "Stojic, Svetozar"]
[Black "Chowdhury, Sohel"]
[Result "1-0"]
[WhiteElo "2016"]
[BlackElo "2190"]
[PlyCount "141"]
[EventDate "2010.04.01"]
[EventType "swiss"]
[EventRounds "9"]
[EventCountry "AUS"]
[SourceTitle "CBM 135 Extra"]
[Source "ChessBase"]
[SourceDate "2010.05.04"]
[SourceVersion "1"]
[SourceVersionDate "2010.05.04"]
[SourceQuality "1"]

1. e4 c5 2. Nf3 e6 3. d4 cxd4 4. Nxd4 a6 5. Nc3 Qc7 6. Be2 Nf6 7. Be3 Nc6 8. 0-0 Bb4 9. Na4 Be7 10. Nxc6 dxc6 11. Bb6 Qf4 12. f3 Nd7 13. Bd4 b5 14. Nc3 0-0 15. g3 Qc7 16. Qe1 e5 17. Be3 Nf6 18. Qf2 Be6 19. Rad1 a5 20. Rd2 a4 21. a3 b4 22. axb4 Bxb4 23. Bc5 Rfb8 24. Rfd1 h6 25. Rd6 Nd7 26. Bxb4 Rxb4 27. f4 exf4 28. gxf4 Nf8 29. Qc5 Rxb2 30. f5 Ba2 31. Nb5 Qe7 32. Qxc6 Rb8 33. Kh1 Rb4 34. Nc3 Qh4 35. Nxa2 Rxe4 36. Nc3 Re3 37. R6d3 Rbe8 38. Qg2 a3 39. Rg1 g5 40. fxg6 Nxg6 41. Rxe3 Rxe3 42. Bd3 Re6 43. Qd5 Kg7 44. Bxg6 Rxg6 45. Qe5+ Kh7 46. Rxg6 fxg6 47. Qc7+ Kg8 48. Qc8+ Kf7 49. Qd7+ Kg8 50. Qe6+ Kg7 51. Qe5+ Kg8 52. Qb8+ Kf7 53. Qa7+ Kf6 54. Qxa3 Qe1+ 55. Kg2 Qd2+ 56. Kf3 Qxc2 57. Ne4+ Kf7 58. Qa7+ Kg8 59. Qb8+ Kg7 60. Qb7+ Kf8 61. Qb4+ Kf7 62. Qc4+ Qxc4 63. Nd6+ Kf6 64. Nxc4 Kf5 65. Ne3+ Kg5 66. Kg3 h5 67. h4+ Kf6 68. Kf4 Ke6 69. Kg5 Ke5 70. Kxg6 Kf4 71. Kxh5 1-0